|
|
|
|
| LEADER |
00000naa2a2200000 4500 |
| 001 |
607030 |
| 005 |
20260311160946.0 |
| 035 |
|
|
|a (RuTPU)RU\TPU\conf\4409
|
| 035 |
|
|
|a RU\TPU\conf\4403
|
| 090 |
|
|
|a 607030
|
| 100 |
|
|
|a 20140626d2014 k y0rusy50 ca
|
| 101 |
0 |
|
|a rus
|
| 102 |
|
|
|a RU
|
| 135 |
|
|
|a drcn ---uucaa
|
| 181 |
|
0 |
|a i
|
| 182 |
|
0 |
|a b
|
| 200 |
1 |
|
|a Поверхностный сплав Ti-Y, сформированный высокоэнергетическими методами воздействия
|d Surface alloy Ti-Y, formed by high-energy method of effect
|f Н. Н. Морозова, К. В. Соснин
|g науч. рук. Ю. Ф. Иванов
|
| 203 |
|
|
|a Текст
|c электронный
|
| 215 |
|
|
|a 1 файл(475 Кб)
|
| 225 |
1 |
|
|a Наноматериалы и нанотехнологии
|
| 300 |
|
|
|a Заглавие с экрана
|
| 320 |
|
|
|a [Библиогр.: с. 958 (3 назв.)]
|
| 330 |
|
|
|a Surface alloys of system Ti-Y with different yttrium concentration have been synthesized. Formation of two-phase mixture alpha-Ti+alpha-Y has been revealed. It was shown that a structure of grained type was formed at volume fraction of alpha-Y(50-60) %. Elongated interlayers of alpha-Y are seen along the grain boundaries, and two-phase (alpha-Ti+alpha-Y) structure of a cellular crystallization with cell sizes of~0.5 mum -in a grain volume and nano-sized particles -along the boundaries. A structure of nanosize lamellar eutectics with a relatively small grain size (10-20 mum) is formed at volume fraction of alphaY (70-80) %. It was shown that a surface alloy formation is accompanied by a multiple decrease of friction coefficient and wear speed, and microhardness increase of modified layer in comparison with the similar titanium one.
|
| 337 |
|
|
|a Adobe Reader
|
| 463 |
|
1 |
|0 (RuTPU)RU\TPU\conf\3586
|t Перспективы развития фундаментальных наук
|l Prospects of fundamental sciences development
|o сборник научных трудов XI Международной конференция студентов и молодых ученых, г. Томск, 22-25 апреля 2014 г.
|f Национальный исследовательский Томский политехнический университет (ТПУ) ; под ред. Е. А. Вайтулевич
|v [С. 956-958]
|d 2014
|
| 510 |
1 |
|
|a Surface alloy Ti-Y, formed by high-energy method of effect
|z eng
|
| 610 |
1 |
|
|a электронный ресурс
|
| 610 |
1 |
|
|a труды учёных ТПУ
|
| 610 |
1 |
|
|a поверхностные сплавы
|
| 610 |
1 |
|
|a высокоэнергетические методы
|
| 610 |
1 |
|
|a воздействие
|
| 610 |
1 |
|
|a затвердители
|
| 610 |
1 |
|
|a металлические расплавы
|
| 610 |
1 |
|
|a легирование
|
| 700 |
|
1 |
|a Морозова
|b Н. Н.
|
| 701 |
|
1 |
|a Соснин
|b К. В.
|
| 702 |
|
1 |
|a Иванов
|b Ю. Ф.
|c российский ученый, специалист в области наноматериалов и нанотехнологий
|c профессор Томского политехнического университета, доктор физико-математических наук
|c ведущий научный сотрудник Института сильноточной электроники СО РАН
|f 1955-
|g Юрий Федорович
|4 727
|
| 712 |
0 |
2 |
|a Национальный исследовательский Томский политехнический университет
|c (2009- )
|9 26305
|
| 801 |
|
1 |
|a RU
|b 63413507
|c 20101016
|
| 801 |
|
2 |
|a RU
|b 63413507
|c 20140626
|g RCR
|
| 856 |
4 |
|
|u http://www.lib.tpu.ru/fulltext/c/2014/C21/323.pdf
|
| 942 |
|
|
|c CF
|